000 01462cam a22004454i 4500
003 PE-LiUPU
005 20250731172828.0
008 150617s r 000 0 d
035 _a(Sirsi) a15225
040 _aPE-LiUPU
_bspa
_cPE-LiUPU
_erda
049 _aPRUA
082 0 4 _a299.54
_bD18
_221
100 1 _aDavid-Neel, Alexandra,
_eautor.
245 1 4 _aLes enseignements secrets dans les sectes bouddhistes tibétaines la vue pénétrante /
_cAlexandra David-Neel.
264 1 _aParis :
_bAdyar,
_c1951.
300 _a148 páginas ;
_c18 cm
336 _atext
_2rdacontent
337 _aunmediated
_2rdamedia
338 _avolume
_2rdacarrier
505 0 _aLes enseignements oraux secrets dans les sectes bouddhistes tibetaines.
526 _aSEG42
526 _aSEG41
526 _aSEG40
526 _aSEG39
526 _aP94
526 _aP87
526 _aP86
526 _aP85
526 _aP77
526 _aP76
526 _aP35
650 0 4 _aConfusianismo
_zTibet.
910 _ajck
_bjvq
_cjck
_d20150616
942 _2ddc
_cBOOK
949 _a299.54 D18
_wDEWEY
_c1
_i10285
_lCCODEBUL1
_mBUL
_p
_r0
_sY
_tBOOK
_u2015-04-21
_xTEOLOGIA
_PP35
_0COMPRA
_o.STAFF. Colección General
994 _aC0
_bPEPRU
596 _a1
999 _a299.54 D18
_wDEWEY
_c5790
_i10285
_f2021-11-12
_g5
_lCCODEBUL1
_mBUL
_r0
_sY
_tBOOK
_u2015-4-21
_xTEOLOGIA
_PP35
_0COMPRA
_o.STAFF. Colección General
_d5790
980 _81
_gALBERTO SANCHEZ Responsable de Automatización